Focus (Record no. 83339)

MARC details
000 -LEADER
fixed length control field 00913cab a22002535a 4500
001 - CONTROL NUMBER
control field L153621
008 - FIXED-LENGTH DATA ELEMENTS--GENERAL INFORMATION
fixed length control field 110810e20110806xxk 000 0 eng d
035 ## - SYSTEM CONTROL NUMBER
System control number (Sirsi) u153621
041 0# - LANGUAGE CODE
Language code of text/sound track or separate title eng
100 1# - MAIN ENTRY--PERSONAL NAME
Personal name Simmons, Mark
245 00 - TITLE STATEMENT
Title Focus
Remainder of title Glos, Herefordshire, Worcs and Warwickshire
260 ## - PUBLICATION, DISTRIBUTION, ETC.
Date of publication, distribution, etc. 2011
490 ## - SERIES STATEMENT
Series statement Estates Gazette
Volume/sequential designation (1131) 6 August 2011, 37-45(8)
520 ## - SUMMARY, ETC.
Summary, etc. Looks at local enterprise partnerships in the Marches, Worcestershire, Gloucestershire and Coventry and Warwickshire and proposed development schemes including a leisure/retail scheme in Herford. Market in minutes overview of offices including take up, supply and rents.
590 ## - LOCAL NOTE (RLIN)
Local note KA
651 #4 - SUBJECT ADDED ENTRY--GEOGRAPHIC NAME
Geographic name Gloucestershire
651 #4 - SUBJECT ADDED ENTRY--GEOGRAPHIC NAME
Geographic name Herefordshire
651 #4 - SUBJECT ADDED ENTRY--GEOGRAPHIC NAME
Geographic name Worcestershire
651 #4 - SUBJECT ADDED ENTRY--GEOGRAPHIC NAME
Geographic name Warwickshire
690 ## - LOCAL SUBJECT ADDED ENTRY--TOPICAL TERM (OCLC, RLIN)
Topical term or geographic name as entry element PROPERTY-COMMERCIAL PROPERTY
700 1# - ADDED ENTRY--PERSONAL NAME
Personal name Lewis, Mark
700 1# - ADDED ENTRY--PERSONAL NAME
Personal name Elghamry, Nadia
942 ## - ADDED ENTRY ELEMENTS (KOHA)
Suppress in OPAC 0
Holdings
Withdrawn status Lost status Source of classification or shelving scheme Damaged status Not for loan Home library Current library Shelving location Date acquired Total Checkouts Full call number Barcode Date last seen Copy number Price effective from Koha item type
    Dewey Decimal Classification     Virtual Virtual Journal article 10/08/2011   L153621 153621-2001 06/08/2019 1 06/08/2019 Journal article